000 00933nam a2200241 a 4500
001 48602
003 BD-RjUL
005 20211209054543.0
008 160814s1998 bg |||| ||| 001 0 ben d
020 _a9840734096
_c: Tk. 65.00
035 _a(BD-RjUL)48721
040 _aBD-RjUL
_bben
_cBD-RjUL
_dBD-RjUL
041 _aben
082 _223
_a891.441092
_bHOB 1998
100 1 _aহোসাইন, মহসিন
_9146814
245 1 0 _aবৃহত্তর যশোরের লোককবি ও চারণকবি /
_c মহসিন হোসাইন
260 _aঢাকা :
_bবাংলা একাডেমী,
_c১৯৯৮ [১৪০৫]
300 _a[১৩] ১৪৬ পৃ. ;
_e২১ সেমি.
500 _aনির্ঘন্ট সংযুক্ত
650 _aবাংলা কবিতা
_xজীবনী
_9124278
650 _aBengali poetry
_xBiograpphy
_9146815
942 _2ddc
_cBK
999 _c48602
_d48602